| 000 | 00420pab a2200145 454500 | ||
|---|---|---|---|
| 008 | 180718b2001 xxu||||| |||| 00| 0 eng d | ||
| 100 | _aGregar, Ales | ||
| 245 | _aA parametric model of the competitive abilities of firms and personnel management | ||
| 260 | _c2001 | ||
| 300 | _ap.225-37. | ||
| 362 | _aOct | ||
| 650 | _aPersonnel management | ||
| 773 | _aPrestige Journal of Management and Research | ||
| 909 | _a52450 | ||
| 999 |
_c52450 _d52450 |
||